000 03028cam a22005537a 4500
003 CHAP
005 20220329133655.0
008 971013s1993 r 00010 d
010 _a9341
011 _a10313
035 _a9550
040 _cCHAP
082 _a630.83
_bM49c 1991 Gro.
110 _aInstituto Nacional de Estadística, Geografía e Informática. México
_959304
245 0 _aCenso agropecuario, 1991 (7) : Guerrero resultados definitivos
260 _aAguascalientes, Ags. :
_bINEGI,
_c1993-
300 _av.
500 _aLa biblioteca tiene: v.1 Censo ejidal. -- v.2 Censo agropecuario. -- v.3 Censo agrícola-ganadero -- v.4 Panorama agropecuario
590 _aBATCH-UPD
_b10
_c20130110
_lUCH01
_h1652
590 _aBATCH-UPD
_b10
_c20130410
_lUCH01
_h1041
590 _aBATCH-UPD
_b10
_c20130914
_lUCH01
_h0707
590 _aCONVERSION
_b10
_c20130109
_lUCH01
_h1306
650 1 4 _aAgricultura
_xEstadisticas
_zGuerrero.
_91453
650 1 4 _aBosques
_xGuerrero.
_914201
650 1 4 _aEjidos
_xGuerrero.
_936016
650 1 4 _aGanadería
_xEstadísticas
_zGuerrero.
_944712
650 1 4 _aMaquinaria agrícola
_xEstadísticas.
_971170
650 1 4 _aProductos agrícolas
_xEstadísticas.
_991939
650 1 4 _aProductos pecuarios
_xEstadísticas.
_992167
901 _aBK
942 _cLIBRO
949 _a630.83 M49c 1991 Gro.
_bBC
_cINEGI
_d33724000536744
_eINEGI
_fv.3 Pte.2 c.3
_h87396
_i9550
_si
949 _a630.83 M49c 1991 Gro.
_bBC
_cINEGI
_d33724000537023
_eINEGI
_fv.3 Pte.1
_h87464
_i9550
_si
949 _a630.83 M49c 1991 Gro.
_bBC
_cINEGI
_d33724000537254
_eINEGI
_fv.4
_h88270
_i9550
_mD
_sb
949 _a630.83 M49c 1991 Gro.
_bBC
_cINEGI
_d33724000537429
_eINEGI
_fv.2 c.2
_h87392
_i9550
_sb
949 _a630.83 M49c 1991 Gro.
_bBC
_cINEGI
_d33724000538153
_eINEGI
_fv.3 Pte.1 c.2
_h87465
_i9550
_si
949 _a630.83 M49c 1991 Gro.
_bBC
_cINEGI
_d33724000558334
_eINEGI
_fv.2
_h87391
_i9550
_si
949 _a630.83 M49c 1991 Gro.
_bBC
_cINEGI
_d33724000558383
_eINEGI
_fv.1 c.2
_gI. c/e
_h85778
_i9550
_si
949 _a630.83 M49c 1991 Gro.
_bBC
_cINEGI
_d33724000558607
_eINEGI
_fv.1
_gI. c/e
_h85777
_i9550
_si
949 _a630.83 M49c 1991 Gro.
_bBC
_cINEGI
_d33724000558771
_eINEGI
_fv.1 c.3
_gI. c/e
_h85779
_i9550
_si
949 _a630.83 M49c 1991 Gro.
_bBC
_cINEGI
_d33724000558870
_eINEGI
_fv.2 c.3
_h87393
_i9550
_si
949 _a630.83 M49c 1991 Gro.
_bBC
_cINEGI
_d33724000558896
_eINEGI
_fv.1 c.4
_h87524
_i9550
_si
949 _a630.83 M49c 1991 Gro.
_bBC
_cINEGI
_d33724000566626
_eINEGI
_fv.3 Pte.2 c.2
_h87395
_i9550
_si
949 _a630.83 M49c 1991 Gro.
_bBC
_cINEGI
_d33724000566923
_eINEGI
_fv.3 Pte.2 c.4
_h88271
_i9550
_mD
_sb
949 _a630.83 M49c 1991 Gro.
_bBC
_cINEGI
_d33724000730719
_eINEGI
_fv.3 Pte.2
_h87394
_i9550
_si
949 _a630.83 M49c 1991 Gro.
_bBC
_cINEGI
_d33724000730792
_eINEGI
_fv.3 Pte.1 c.4
_h88272
_i9550
_mD
_si
949 _a630.83 M49c 1991 Gro.
_bBC
_cINEGI
_d33724000730966
_eINEGI
_fv.3 Pte.1 c.3
_h87466
_i9550
_si
949 _a630.83 M49c 1991 Gro.
_bBC
_cINEGI
_d33724000899563
_eINEGI
_fv.3 Pte.2 c.5
_gDonaciØn
_h100194
_i9550
_sb
999 _c9341
_d9341